| 000 | 00396nam a2200145 4500 | ||
|---|---|---|---|
| 999 |
_c805 _d805 |
||
| 008 | 191220b ||||| |||| 00| 0 eng d | ||
| 082 | 0 | 0 |
_a926.2 _bB3291 |
| 100 |
_9340 _aBates, L. F. |
||
| 245 | 1 | 0 |
_aSir Alfred Ewing: A Pioneer in Physics and Engineering _cL F Bates |
| 250 | _a1st ed. | ||
| 260 |
_aLondon _bLongmans Green & Co. _c1946 |
||
| 300 | _a38 p. | ||
| 650 | 0 | _aBiography | |
| 942 |
_2ddc _cBK |
||